Sports team Logos - Statistics

General Stats
  • This quiz has been taken 1,114 times
  • The average score is 8 of 15
Answer Stats
Picture Answer % Correct
New England Patriots
89%
Boston Red Sox
88%
Green Bay Packers
84%
Seattle Seahawks
84%
San Antonio Spurs
83%
Brooklyn Nets
75%
New York Yankees
71%
Chicago Blackhawks
58%
the best team
38%
La Lakers
34%
Olympiacos
30%
Santos
27%
Oxford United
13%
Port Vale
11%
Scunthorpe United
11%
No matching quizzes found
Score Distribution
Percent of People with Each Score
Percentile by Number Answered
Your Score History
You have not taken this quiz